000 00280nam a22001217a 4500
082 _a82.4
_bJAM/E
100 _aJAMES, RAHUL
245 _aENGLISH HINDI MALAYALAM ESSAYS
260 _aKOZHIKODE
_bDRONACHARYA PUBLICATIONS
300 _a356
650 _aESSAYS
_zKERALA
942 _cBK
999 _c2229
_d2229